| 000 | 00885cam a22002773a 4500 | ||
|---|---|---|---|
| 001 | 7323 | ||
| 003 | PGUSA | ||
| 005 | 20140828083143.0 | ||
| 008 | 050101s2005||||xxu|||||s|||||000 | eng d | ||
| 040 |
_aPGUSA _beng |
||
| 042 | _adc | ||
| 050 | 4 | _aPR | |
| 100 | 1 |
_aShakespeare, William, _d1564-1616 |
|
| 245 | 1 | 0 |
_aLeben und Tod Königs Richard des zweyten _h[electronic resource] / _cWilliam Shakespeare |
| 260 |
_bProject Gutenberg, _c2005 |
||
| 506 | _aPublic domain in the USA. | ||
| 516 | _aElectronic text | ||
| 653 | _aHistorical drama | ||
| 653 | _aGreat Britain -- History -- Richard II, 1377-1399 -- Drama | ||
| 653 | _aRichard II, King of England, 1367-1400 -- Drama | ||
| 700 | 1 |
_aWieland, Christoph Martin, _d1733-1813 |
|
| 740 | 0 | _aKing Richard II. German | |
| 830 | 0 |
_aProject Gutenberg _v7323 |
|
| 856 | 4 | 0 | _uhttp://www.gutenberg.org/ebooks/7323 |
| 942 | _cEB | ||
| 999 |
_c236643 _d236643 |
||